Jornada de inovação rural desenvolvida em Santa Catarina: Diagnóstico e soluções implementadas (Registro n. 339687)
[ somente texto ]
| 000 -LÍDER | |
|---|---|
| fixed length control field | 03893nab a2200445 i 4500 |
| 003 - CÓDIGO MARC DA AGÊNCIA CATALOGADORA | |
| Campo de controle | BR-BrBNA |
| 005 - DATA E HORA DA ÚLTIMA ATUALIZAÇÃO | |
| Campo de controle | 20251231170719.0 |
| 008 - CAMPO DE TAMANHO FIXO | |
| fixed length control field | 251231b2023 bl.tr|pooa||| 00| 0 por | |
| 040 ## - FONTE DA CATALOGAÇÃO | |
| Agência catalogadora | BR-BrBNA |
| Idioma da catalogação | por |
| 072 ## - CATEGORIA AGRIS | |
| Código AGRIS | E14 |
| 072 ## - CATEGORIA AGRIS | |
| Código AGRIS | E16 |
| 072 ## - CATEGORIA AGRIS | |
| Código AGRIS | E70 |
| 100 ## - ENTRADA PRINCIPAL - NOME PESSOAL | |
| Nome pessoal | Borghezan, Marcelo |
| 100 ## - ENTRADA PRINCIPAL - NOME PESSOAL | |
| Nome pessoal | Marcon, Amanda Köche |
| 100 ## - ENTRADA PRINCIPAL - NOME PESSOAL | |
| Nome pessoal | Basso, Augusto Donadel |
| 100 ## - ENTRADA PRINCIPAL - NOME PESSOAL | |
| Nome pessoal | Daniel, Eduardo da Silva |
| 100 ## - ENTRADA PRINCIPAL - NOME PESSOAL | |
| Nome pessoal | Matos, Jaqueline Alves de |
| 100 ## - ENTRADA PRINCIPAL - NOME PESSOAL | |
| Nome pessoal | Heidorn, Larissa Liane |
| 100 ## - ENTRADA PRINCIPAL - NOME PESSOAL | |
| Nome pessoal | Santos, Luan Henrique Lopes dos |
| 100 ## - ENTRADA PRINCIPAL - NOME PESSOAL | |
| Nome pessoal | Spindola, Lucas Tomaz |
| 100 ## - ENTRADA PRINCIPAL - NOME PESSOAL | |
| Nome pessoal | Kanemaru, Michel Yudi Shinkai |
| 100 ## - ENTRADA PRINCIPAL - NOME PESSOAL | |
| Nome pessoal | Souza, Paula Gimenez de |
| 100 ## - ENTRADA PRINCIPAL - NOME PESSOAL | |
| Nome pessoal | Coelho, Denilson |
| 100 ## - ENTRADA PRINCIPAL - NOME PESSOAL | |
| Nome pessoal | Ferreira, Victor Rodrigues |
| 245 ## - TÍTULO PRINCIPAL | |
| Título principal | Jornada de inovação rural desenvolvida em Santa Catarina: Diagnóstico e soluções implementadas |
| 500 ## - NOTA GERAL | |
| Nota geral | <br/><br/>Publicação online; 6 ref.; 3 illus.; 2 tables; Summaries (En, Pt) |
| 942 ## - ADDED ENTRY ELEMENTS (KOHA) | |
| Koha item type | Analítica |
| 520 ## - NOTA DE RESUMO | |
| Nota de conteúdo | <br/><br/><br/>Resumo – A inovação aumenta a competitividade, possibilitando a adaptação e superação de desafios, além de aproveitar as oportunidades para se posicionar melhor no mercado. O objetivo da Jornada de Inovação Rural do Sebrae foi estimular a adoção de processos inovadores, incentivando a autonomia e o empreendedorismo nos pequenos negócios rurais catarinenses. Este trabalho apresenta os resultados do grau de inovação e do impacto das soluções implementadas. A metodologia tem como base um questionário, gerando um gráfico radar para a organização e implementação de planos de melhorias. As ações ocorreram em cinco dimensões centrais de curto prazo e em quatro dimensões orbitais de médio e longo prazo. O ciclo de atividades ocorreu em 8 meses, entre dezembro de 2021 e julho de 2022, com 9 agentes locais, atendendo 119 empreendimentos rurais de todas as regiões de Santa Catarina. Os resultados impactaram todas as dimensões, principalmente nos controles gerenciais e em novos produtos ou serviços (modelos de negócios). <br/><br/><br/>Termos para indexação: Sebrae; Oportunidades; Banco de ideias; Plano de ação; Melhoria contínua |
| 520 ## - NOTA DE RESUMO | |
| Nota de conteúdo | <br/><br/><br/>Abstract – Innovation increases competitiveness, enables adaptation and overcoming challenges, and seizes opportunities to better position itself in the market. The aim of the Sebrae Rural Innovation Journey was to stimulate the adoption of innovative processes, encouraging autonomy and entrepreneurship in small rural businesses of Santa Catarina. This paper presents the results of innovation degree and impact of the implemented solutions. The methodology is based on diagnostic, generating a radar chart for organization and implementation of improvement plans. The actions occurred in five central short-term dimensions and in four medium and long-term orbital dimensions. The cycle of activities took place in 8 months, between December 2021 and July 2022, with 9 local agents in 119 rural enterprises from all regions of Santa Catarina. The results improved all dimensions, mainly in management controls and in new products or services (business models). <br/><br/><br/><br/>Index terms: Sebrae; Opportunities; Idea list; Action plan; Continuous improvement. |
| 650 ## - ASSUNTO - THESAGRO | |
| Cabeçalho tópico ou nome geográfico | ECONOMIA DA PRODUÇÃO |
| 650 ## - ASSUNTO - THESAGRO | |
| Cabeçalho tópico ou nome geográfico | CADEIA PRODUTIVA |
| 650 ## - ASSUNTO - THESAGRO | |
| Cabeçalho tópico ou nome geográfico | ADOÇÃO DE INOVAÇÕES |
| 650 ## - ASSUNTO - THESAGRO | |
| Cabeçalho tópico ou nome geográfico | MERCADO |
| 650 ## - ASSUNTO - THESAGRO | |
| Cabeçalho tópico ou nome geográfico | DESENVOLVIMENTO RURAL |
| 650 ## - ASSUNTO - THESAGRO | |
| Cabeçalho tópico ou nome geográfico | SUSTENTABILIDADE |
| 650 ## - ASSUNTO - THESAGRO | |
| Cabeçalho tópico ou nome geográfico | SANTA CATARINA |
| 773 0# - ENTRADA ANALÍTICA | |
| Host Biblionumber | 1813 |
| Registro do item | 317210 |
| Imprenta | Florianópolis-SC Empresa de Pesquisa Agropecuária e Extensão Rural de Santa Catarina 1988- |
| Outro identificador | 2024-3834 |
| Título | Agropecuária Catarinense (Brazil) |
| ISSN | 0103-0779 |
| Colação | v. 36(2) p. 10-14; (2023) |
| Número de controle de registro | BR2025004869 |
| 856 ## - ACESSO E ENDEREÇO ELETRÔNICO | |
| Identificador uniforme de recurso - URI | https://publicacoes.epagri.sc.gov.br/rac/article/view/1594/1573 |
Nenhum exemplar disponível.

BINAGRI